काश्मीर - 1947 (Record no. 27617)

MARC details
000 -LEADER
fixed length control field 00423nam a2200145Ia 4500
008 - FIXED-LENGTH DATA ELEMENTS--GENERAL INFORMATION
fixed length control field 090122s9999 xx 000 0 und d
082 ## - DEWEY DECIMAL CLASSIFICATION NUMBER
Item number 3539
Classification number 954
100 ## - MAIN ENTRY--PERSONAL NAME
Personal name नायक
Numeration श्रीकांत
Titles and other words associated with a name विष्णू
245 ## - TITLE STATEMENT
Title काश्मीर - 1947
600 ## - SUBJECT ADDED ENTRY--PERSONAL NAME
Personal name नायक
630 ## - SUBJECT ADDED ENTRY--UNIFORM TITLE
Uniform title काश्मीर - 1947
700 ## - ADDED ENTRY--PERSONAL NAME
Personal name नायक
730 ## - ADDED ENTRY--UNIFORM TITLE
Uniform title काश्मीर - 1947
942 ## - ADDED ENTRY ELEMENTS (KOHA)
Koha item type Book
Holdings
Withdrawn status Lost status Damaged status Not for loan Home library Current library Date acquired Total Checkouts Full call number Barcode Date last seen Copy number Price effective from Koha item type
        Dombivali Granthasangrahalaya, Dombivali Dombivali Granthasangrahalaya, Dombivali 01/22/2009   3539 DOM-3539 01/22/2009 1 01/22/2009 Book